Facultad de Derecho – Universidad Nacional de Mar del Plata

Diccionario Jurídico (Record no. 4109)

MARC details
000 -CABECERA
campo de control de longitud fija 00349nam a22001337a 4500
080 ## - NUMERO DE CLASIFICACION DECIMAL UNIVERSAL (CDU)
Número de la Clasificación Decimal Universal 34 (038) F 391
100 ## - ASIENTO PRINCIPAL--NOMBRE PERSONAL
Nombre personal Fernández de León, Gonzalo
245 ## - MENCION DE TITULO
Título propiamente dicho Diccionario Jurídico
250 ## - MENCION DE EDICION
Mención de edición 2º edición
260 ## - PUBLICACION, DISTRIBUCION, ETC. (PIE DE IMPRENTA)
Lugar de publicación, distribución, etc. Buenos Aires
Nombre del editor, distribuidor, etc. Abece
Fecha de publicación, distribución, etc. 1961
650 ## - ASIENTO SECUNDARIO DE MATERIA - TERMINO TEMATICO
Subdivisión general diccionario jurídico
-- términos jurídicos
945 ## - INFORMACION DE PROCESAMIENTO LOCAL
Responsable de carga/modificación Sabrina Cecilia Abram
AAAA-MM-DD - Fecha de ingreso/modificación 2015-08-18
942 ## - ELEMENTOS AGREGADOS (KOHA)
Clasificación normalizada de Koha para alfabetizar _

No items available.


XHTML | CSS | ©Biblioteca Central - Dto. Tecnología de la Información - [ Con tecnología Koha ]